000 03108naa a2200421 4500
005 20090526161410.0
008 090526t xxu||||| |||| 00| 0 eng d
010 _aENG-93747
020 _a9788131305102
_c695.00
035 _aEN-77280
035 _aB-359595-605
037 _bDBAD / PUB
037 _bAPH Pub.
040 _adpl
_bEnglish
082 _a025
100 _aTiwari, Purushotham
245 _aLibrary evaluation /
_cby Purushotham Tiwari
260 _aNew Delhi
_bAPH Publishing Corporatioon
_c2009
270 _a4435-36/7, Ansari Road, Darya Ganj
_bNew Delhi
_e110 002
_maphbooks@vsnl.net
_k011 23274050
300 _av, 272p.
_b23cm(Hb)
500 _aIncludes bibliographical references and index
650 _aLibraries
_xEvaluation
710 _a.
942 _adpl
_cEN
_2ddc
_mTIW
_h025
999 _c26835
_d26835